000 00671nam a2200169 i 4500
001 161621
003 ES-MaACL
005 20230906212327.0
008 020924s1890 sp |||| | spa d
040 _aCCPB | B
_bspa
_cCCPB | B
100 1 _aPeláez y Quintana, Timoteo.
_9130956
245 1 0 _aDiscurso sobre el concepto clínico de la difteria
_b: tesis del doctorado /
_cpor Timoteo Pelaez y Quintana.
260 _aMadrid :
_b[s.n.],
_c1890 (
_festablecimiento tipográfico de Tomás Minuesa)
300 _a56 p. ;
_c23 cm.
650 4 _aDifteria.
_9135926
852 _aES-MaACL
_jT-528-F-5
_z-- Enc. hol., conservando la cub. original
_z-- Enc. en un vol. facticio
999 _c161621
_d161621